01050 2200313 4500001002100000005001500021035002000036007000300056008004100059020002200100040002200122082001600144084001800160090002200178100003900200245016400239250003500403300004100438650002100479700003100500850001200531504002900543264004600572336002100618337003000639338002300669999002200692990002200714INLIS00000000087874020230524012628 a0010-0523000617ta230524s2022 yoia g ind d a978-623-400-376-5 aYOPDYOGbinderda04223a297.261 a297.261 IPN m aCB-D.11 2022-35840 aIpnu R. Noegrohod1982-epengarang10aMaafkan aku Tuhan, aku hampir putus asa :buntuk kamu yang gagal, kalah, selalu dikecewakan, dan ingin menyerah /cIpnu R. Noegroho; penyunting, Herman Adamson aCetakan pertama, Desember 2022 aviii, 184 halaman :bgambar ;c19 cm 4aMotivasi (Islam)0 aHerman Adamsonepenyunting aYOPDYOG aBibliografi: halaman 18331aYogyakarta :bAnak Hebat Indonesia,c2022 2rdacontentateks 2rdamediaatanpa perantara 2rdacarrieravolume aCB-D.11/2022-3584 aCB-D.11/2022-3584